Microwave & Radar Engineering (Record no. 6631)

MARC details
000 -LEADER
fixed length control field 00346nam a2200145Ia 4500
008 - FIXED-LENGTH DATA ELEMENTS--GENERAL INFORMATION
fixed length control field 221030s9999 xx 000 0 und d
041 ## - LANGUAGE CODE
Language code of text/sound track or separate title
082 ## - DEWEY DECIMAL CLASSIFICATION NUMBER
Classification number 105.23
Item number Kul
100 ## - MAIN ENTRY--AUTHOR NAME
Personal name M. Kulkarni
245 #0 - TITLE STATEMENT
Title Microwave & Radar Engineering
Statement of responsibility, etc by M. Kulkarni
260 ## - PUBLICATION, DISTRIBUTION, ETC. (IMPRINT)
Name of publisher Umesh Pub
Place of publication Delhi
Year of publication 2000
300 ## - PHYSICAL DESCRIPTION
Number of Pages 472
650 ## - SUBJECT ADDED ENTRY--TOPICAL TERM
Topical Term ECE
942 ## - ADDED ENTRY ELEMENTS (KOHA)
Koha item type Books
Holdings
Accession Number Cost, normal purchase price Full call number Price effective from Koha item type Withdrawn / writtenoff status Materials specified (bound volume or other part) Damaged status Not for loan Permanent Location Current Location Shelving location Date acquired Lost/ Missing status department
BE 1952 140.00 105.23 Kul 10/30/2022 Books   Print     MIET Library, Jammu MIET Library, Jammu BL-Academic Block B, FL-2, CUP-159, SH-5, R-5 09/22/2000   BE
BE 1953 195.00 105.23 kul 10/30/2022 Books   Print     MIET Library, Jammu MIET Library, Jammu BL-Academic Block C, FL-2, CUP-15, SH-3, R-3 09/22/2000   BE